Akce a reakce úvěrového sektoru v procesu bankovní regulace

Regulačné opatrenia v úverovom sektore - nevyhnutné. Spôsoby ako sa vysporiadať s množstvom regulačných opatrení v bankovom sektore: prudent banking (opatrné vykonávanie bankových obchodov) a zosilnenie vplyvu bánk v procese regulácie.

Gespeichert in:
Bibliographische Detailangaben
1. Verfasser: Stanzelová, M.
Format: Buchkapitel
Sprache:Tschechisch
Schlagworte:
Tags: Tag hinzufügen
Keine Tags, Fügen Sie das erste Tag hinzu!

MARC

LEADER 00000naa a2200000 4500
001 r025642
005 20230908090034.5
041 0 |a cze 
044 |a CZ 
245 1 0 |a Akce a reakce úvěrového sektoru v procesu bankovní regulace  |c M. Stanzelová 
520 |a Regulačné opatrenia v úverovom sektore - nevyhnutné. Spôsoby ako sa vysporiadať s množstvom regulačných opatrení v bankovom sektore: prudent banking (opatrné vykonávanie bankových obchodov) a zosilnenie vplyvu bánk v procese regulácie. 
610 2 0 |a ústavy úverové 
610 2 0 |a bankovníctvo 
610 2 0 |a regulácia 
610 2 0 |a banky 
610 2 0 |a obchody bankové 
100 1 |a Stanzelová, M.